000 00449nam a2200181Ia 4500
001 17408
005 20260306171515.0
008 260306s9999||||xx |||||||||||||| ||und||
041 _aESP
082 _a657.9
_bA93
100 _aAyala Zavala, Pascual
_eAUT
245 0 _aContabilidad de sociedades:
_baplicación práctica
260 _c2007
300 _a540 páginas :
_c25 cm.
650 _aGEN
654 _aCCO
942 _cLIB
_dJUS
_fJUS
_2ddc
_n
999 _c17408
_d17408